New World of Indigenous Resistance (Record no. 13950)

MARC details
000 -LEADER
fixed length control field 00595nam a2200241 a 4500
020 ## - INTERNATIONAL STANDARD BOOK NUMBER
ISBN 9788125043256
082 00 - DEWEY DECIMAL CLASSIFICATION NUMBER
Classification number 341.7588
Author Cutter CHO
100 ## - MAIN ENTRY--AUTHOR NAME
Author name Chomsky, Noam
245 ## - TITLE STATEMENT
Title New World of Indigenous Resistance
260 ## - PUBLICATION, DISTRIBUTION, ETC. (IMPRINT)
Place of publication New Delhi
Name of publisher Orient Blackswan
Year of publication 2010
300 ## - PHYSICAL DESCRIPTION
Number of Pages 416p
500 ## - GENERAL NOTE
General note includes index and biblioraphy
505 2# - FORMATTED CONTENTS NOTE
Formatted contents note Index
650 ## - SUBJECT ADDED ENTRY--TOPICAL TERM
Topical Term Globalization
942 ## - ADDED ENTRY ELEMENTS (KOHA)
Koha item type Books
700 1# -
-- Chomsky, Noam
Holdings
Collection code Home library Current library Date acquired Cost, normal purchase price Full call number Accession Number Koha item type
  Henry Martyn Institute Library Henry Martyn Institute Library 12/15/2011 550.00 341.7588 CHO 023764 Books
                   Copyright © 2026 | Henry Martyn Institute | Hyderabad | TS-500052 | INDIA | Implemented by hmi.edu.in
Hit-Count:

Powered by Koha